| 000 | 00754nam0a22002411 4500 | ||
|---|---|---|---|
| 001 | v19\rc\2012807 | ||
| 005 | 20080925105008.0 | ||
| 035 | _a(NLR Aleph) 005094368 | ||
| 090 |
_a7330022 _c7330022 |
||
| 100 | _a20080925d1902 |||y0rusy50 ca | ||
| 101 | 0 | _arus | |
| 102 | _aRU | ||
| 105 | _ay z ||||| | ||
| 200 | 1 | _aДокладная записка по делу южнокаспийских рыбных промыслов Г.С. Лионозова | |
| 210 |
_a[Санкт-Петербург] _dценз. 1902 |
||
| 215 |
_a6 с. _d34 |
||
| 309 | _aБез тит. л. и обл. | ||
| 702 | 1 |
_aЛионозов _bГ. С. _4220 |
|
| 801 | 0 |
_aRU _bNLR _gpsbo |
|
| 801 | 1 |
_aRU _bProSoft-M _2rusmarc |
|
| 852 |
_aNLR _j34.83.2.909 |
||
| 942 | _cBOOK | ||
| 980 | _aNB | ||